LEADER 01362nam a2200337 a 4500 001 000000138250 003 CaOOAMICUS 005 20140430100512.0 008 140430s2014 it u000 u ita r 020 $a978-88-13-32953-2 040 $aPUL$bita 082 04$a348.45 245 00$aSuccessioni e donazioni /$ca cura di Lorenzo Balestra, Mauro Di Marzio. 250 $a2. ed. 260 $aPadova :$bCEDAM,$c2014. 300 $aXXXII, 1813 p. ;$c25 cm 490 1 $aSapere diritto ;$v05. 504 $aInclude indice bibliografico e indice normativo. 650 4$aSuccessione (diritto).$0(OLS)http://pul/subject/1242 650 4$aDonazione (diritto).$0(OLS)http://pul/subject/17825 700 1 $aDi Marzio, Mauro.$0(OLS)http://pul/name/73905 700 1 $aBalestra, Lorenzo.$0(OLS)http://pul/name/70554 830 0$aSapere diritto ;$v05.$0(OLS)http://pul/title/137468 850 $aPUL 852 $aPUL$W1$xSL Diritto e Scienze Sociali 3$y79$m348. 45 COLL 3.5$j135781$qDDC 21$B158973$CPULBib$Z2$F158973 $H123858 $82 941 1 $a9 996 $6020$a978-88-13-32953-2$9(OLS)http://pul/number/155113 996 $6082$a348.45$9(OLS)http://pul/classification/373 996 $6245$aSuccessioni e donazioni$9(OLS)http://pul/title/148942 996 $6260$aPadova :$bCEDAM$9(OLS)http://pul/publisher/48126 LEADER 01776nam a2200337 u 4500 001 000000033327 003 CaOOAMICUS 005 20070226112342.0 008 971031s1997 it a u000 u ita u 020 $a8815061185 035 $a10774966 040 $aEFR$bita$dPUL(R) 245 00$aCentralismo e federalismo tra Otto e Novecento :$bItalia e Germania a confronto /$ca cura di Oliver Janz, Pierangelo Schiera, Hannes Siegrist. 246 33$aZentralismus und Föderalismus im 19. und 20. Jahrhundert : Deutschland und Italien im Vergleich 260 $aBologna :$bIl Mulino,$c1997. 300 $a388 p. :$bill: ;$c22 cm 490 1 $aAnnali dell'Istituto storico italo-germanico in Trento.$aQuaderni ;$v46 504 $aBibliographie en note. 650 4$aFederalismo$zGermania.$0(OLS)http://pul/subject/17388 650 4$aFederalismo$zItalia.$0(OLS)http://pul/subject/17389 700 1 $aJanz, Oliver.$0(OLS)http://pul/name/26021 700 1 $aSiegrist, Hannes.$0(OLS)http://pul/name/26022 700 1 $aSchiera, Pierangelo.$0(OLS)http://pul/name/23272 830 0$aAnnali dell'Istituto storico italo-germanico in Trento.$pQuaderni ;$v46.$0(OLS)http://pul/title/8598 850 $aPUL 852 $aPUL$W1$xDP1 Altre Collocazioni$y17$m1094 D 46$j45788$nBK-PRI$b $qStampati$B45788$CPULBib$Z2$F45788 $H $81 941 1 $a8 996 $6020$a8815061185$9(OLS)http://pul/number/41892 996 $6245$aCentralismo e federalismo tra Otto e Novecento :$bItalia e Germania a confronto$9(OLS)http://pul/title/45894 996 $6246$aZentralismus und Föderalismus im 19. und 20. Jahrhundert : Deutschland und Italien im Vergleich$9(OLS)http://pul/title/45895 996 $6260$aBologna :$bIl Mulino$9(OLS)http://pul/publisher/47928 LEADER 01425nam a2200289 u 4500 001 000000109568 003 CaOOAMICUS 005 20080207172034.0 008 080207s2005 it a u000 u ita u 020 $a88-8483-317-5 040 $aPUL$bita$dLDB 100 1 $aBracaletti, Stefano.$0(OLS)http://pul/name/67169 245 10$aFilosofia analitica e materialismo storico :$bindividualismo metodologico, spiegazione funzionale e teoria dei giochi nel marxismo analitico anglosassone /$cStefano Bracaletti. 260 $aMilano :$bMimesis,$cc2005. 300 $a300 p. ;$c21 cm. 490 1 $aItinerari filosofici 504 $aBibliografia : p. 285-300. 650 4$aFilosofia analitica.$0(OLS)http://pul/subject/33614 650 14$aMarxismo.$0(OLS)http://pul/subject/4889 830 0$aIF. Itinerari filosofici (Mimesis).$0(OLS)http://pul/title/104740 850 $aPUL 852 $aPUL$W1$xSL Diritto e Scienze Sociali 3$y79$m335. 4 BRAST 1$j125306$qDDC 21$B124036$CPULBib$Z2$F124036 $H101658 $82 941 1 $a9 983 0$aItinerari filosofici (Mimesis) 996 $6020$a88-8483-317-5$9(OLS)http://pul/number/136983 996 $6245$aFilosofia analitica e materialismo storico :$bindividualismo metodologico, spiegazione funzionale e teoria dei giochi nel marxismo analitico anglosassone$9(OLS)http://pul/title/137827 996 $6260$aMilano :$bMimesis$9(OLS)http://pul/publisher/62763